Learing with Computer Level - 1 (Record no. 978)
[ view plain ]
| 000 -LEADER | |
|---|---|
| fixed length control field | 00255nam a2200097 4500 |
| 008 - FIXED-LENGTH DATA ELEMENTS--GENERAL INFORMATION | |
| fixed length control field | 160625b xxu||||| |||| 00| 0 eng d |
| 100 ## - MAIN ENTRY--PERSONAL NAME | |
| 9 (RLIN) | 1198 |
| Personal name | Mallik, U |
| 245 ## - TITLE STATEMENT | |
| Title | Learing with Computer Level - 1 |
| 300 ## - PHYSICAL DESCRIPTION | |
| Extent | Western Pub. Com.N.D NCERT |
| 942 ## - ADDED ENTRY ELEMENTS (KOHA) | |
| Source of classification or shelving scheme | Dewey Decimal Classification |
| Koha item type | BOOK |
| Withdrawn status | Lost status | Source of classification or shelving scheme | Damaged status | Not for loan | Home library | Current library | Shelving location | Date acquired | Total Checkouts | Full call number | Barcode | Date last seen | Price effective from | Koha item type |
|---|---|---|---|---|---|---|---|---|---|---|---|---|---|---|
| Dewey Decimal Classification | Good Samaritan School Library | Good Samaritan School Library | FICTION | 06/25/2016 | 4 | MAL1705 | 06/25/2016 | 06/25/2016 | BOOK |